000 00560nam a22001697a 4500
003 OSt
005 20140310181757.0
008 130701t xxu||||| |||| 00| 0 eng d
050 _aHE 365
_b.D671 1977
082 _aFIL 629.28
_bD833 1977
245 _aDriving in the Philippines :
_ba basic rule book /
_cedited by Rizalino T. Domingo
260 _aQuezon City, Philippines :
_bPublishers Association of the Philippines, Inc.
_c1977.
300 _a109 p :
_bill. col. ;
_c22 cm.
650 _aAutomobile drivers
_xEducation
942 _2lcc
_cBK
999 _c3505
_d3505